书目信息 |
| 题名: |
消费文化语境中的影像狂欢
|
|
| 作者: | 张肖艳 著 | |
| 分册: | ||
| 出版信息: | 北京 九州出版社 2017 |
|
| 页数: | 253页 | |
| 开本: | 24cm | |
| 丛书名: | ||
| 单 册: | ||
| 中图分类: | J992 | |
| 科图分类: | ||
| 主题词: | 电影事业--研究--中国 | |
| 电子资源: | ||
| ISBN: | 978-7-5108-6155-0 | |
| 000 | 00934nam0 2200241 45 | |
| 001 | 012001012243 | |
| 005 | 20141124091839.0 | |
| 010 | @a978-7-5108-6155-0@dCNY69.00 | |
| 100 | @a20181129d2017 em y0chiy50 ea | |
| 101 | 0 | @achi |
| 102 | @aCN@b110000 | |
| 105 | @ay z 000yy | |
| 106 | @ar | |
| 200 | 1 | @a消费文化语境中的影像狂欢@9xiao fei wen hua yu jing zhong de ying xiang kuang huan@e中国贺岁电影研究@f张肖艳著 |
| 210 | @a北京@c九州出版社@d2017 | |
| 215 | @a253页@d24cm | |
| 330 | @a本书共七章,内容包括:电影消费文化的基本概述、中国贺岁电影的消解与重构、中国贺岁电影的镜语构成因子、中国贺岁电影的形式经验、中国贺岁电影的消费者心理、冯小刚贺岁电影的价值分析、中国贺岁电影的个案分析。 | |
| 517 | 1 | @a中国贺岁电影研究@9zhong guo he sui dian ying yan jiu |
| 606 | 0 | @a电影事业@x研究@y中国 |
| 690 | @aJ992@v5 | |
| 701 | 0 | @a张肖艳@9zhang xiao yan@4著 |
| 801 | 0 | @aCN@b上海新华@c20191020 |
| 905 | @b1178805-8@dJ992@e374@f4 | |
| 消费文化语境中的影像狂欢:中国贺岁电影研究/张肖艳著.-北京:九州出版社,2017 |
| 253页;24cm |
| ISBN 978-7-5108-6155-0:CNY69.00 |
| 本书共七章,内容包括:电影消费文化的基本概述、中国贺岁电影的消解与重构、中国贺岁电影的镜语构成因子、中国贺岁电影的形式经验、中国贺岁电影的消费者心理、冯小刚贺岁电影的价值分析、中国贺岁电影的个案分析。 |
| ● |
| 相关链接 |
|
|
|
|
正题名:消费文化语境中的影像狂欢
索取号:J992/374
 
预约/预借
| 序号 | 登录号 | 条形码 | 馆藏地/架位号 | 状态 | 备注 |
| 1 | 1178805 | 211788056 | 第一样本阅览室/ [索取号:J992/374] | 在馆 | |
| 2 | 1178806 | 211788065 | 第一借阅区/ [索取号:J992/374] | 在馆 | |
| 3 | 1178807 | 211788074 | 第一借阅区/ [索取号:J992/374] | 在馆 | |
| 4 | 1178808 | 211788083 | 第一借阅区/ [索取号:J992/374] | 在馆 |